| 000 | 00781cam a2200241 i 4500 | ||
|---|---|---|---|
| 999 |
_c128709 _d128709 |
||
| 001 | 1275920 | ||
| 003 | ARRUPE | ||
| 005 | 20181205090431.0 | ||
| 008 | 760515r19741935enk 000 1 eng | ||
| 010 | _a 75307084 | ||
| 015 | _aGB74-06593 | ||
| 020 |
_a071811101X : _c£2.50 |
||
| 040 |
_aDLC _cDLC _dDLC |
||
| 050 |
_aPR6015.A6425 _bS75 |
||
| 082 | 0 | 0 | _a823/.9/12 |
| 100 | 1 |
_aWyndham, John, _d1903-1969. _943772 |
|
| 245 | 1 | 0 |
_aStowaway to Mars / _cJohn Wyndham writing as John Beynon. |
| 260 |
_aLondon : _bCoronet Books, _c1972. |
||
| 300 |
_a190 p. ; _c21 cm. |
||
| 500 | _aFirst ed. published in 1935 under title: Planet plane. | ||
| 655 | 7 |
_aScience fiction. _2gsafd _95240 |
|
| 906 |
_a7 _bcbc _corignew _du _encip _f19 _gy-gencatlg |
||
| 942 |
_2lcc _cMONOGRAPH |
||